000 00476nam a2200217Ia 4500
001 13292
003 GE_BSU
008 181216s||||||||xx |||||||||||||| ||und||
020 _a9780007391202
040 _cGE_BSU
080 _a821.111-31
100 _aWaugh,Daisy.
245 _aLast Dance With Valentino.
260 _aLondon.
260 _bHarper.
260 _c2011
300 _a387p;20cm.
300 _bill.
653 _aLast Dance With Valentino.
942 _cBK
999 _c46454
_d46454